MARC details
| 000 -LEADER |
| fixed length control field |
00988cam a2200229 4500 |
| 001 - CONTROL NUMBER |
| control field |
WB3644-24 |
| 008 - FIXED-LENGTH DATA ELEMENTS--GENERAL INFORMATION |
| fixed length control field |
000000n2000 000 0 eng u |
| 035 ## - SYSTEM CONTROL NUMBER |
| System control number |
(Sirsi) u109275 |
| 245 ## - TITLE STATEMENT |
| Title |
Lease |
| 260 ## - PUBLICATION, DISTRIBUTION, ETC. |
| Date of publication, distribution, etc. |
2000 |
| 490 ## - SERIES STATEMENT |
| Series statement |
Estates Gazette Case Summaries |
| Volume/sequential designation |
[2000] EGCS 118 (4/11/00) |
| 520 ## - SUMMARY, ETC. |
| Summary, etc. |
"Eaton Square Properties Ltd v O'Higgins". CA 20 October 2000. Defendant moved into premises owned by the claimant landlord. The company owned by defendant was named as tenant for tax purposes. On expiry of lease the landlord issued proceedings for possession. Question whether defendant was statutory tenant and whether the lease was a sham. The defendant appealed. Appeal dismissed. |
| 590 ## - LOCAL NOTE (RLIN) |
| Local note |
WB |
| 650 ## - SUBJECT ADDED ENTRY--TOPICAL TERM |
| Topical term or geographic name entry element |
EATON SQUARE PROPERTIES LTD V O'HIGGINS |
| 650 ## - SUBJECT ADDED ENTRY--TOPICAL TERM |
| Topical term or geographic name entry element |
STATUTORY TENANCY |
| 650 ## - SUBJECT ADDED ENTRY--TOPICAL TERM |
| Topical term or geographic name entry element |
RENT ACT 1977 S2 |
| 650 ## - SUBJECT ADDED ENTRY--TOPICAL TERM |
| Topical term or geographic name entry element |
CORPORATION TAX |
| 650 ## - SUBJECT ADDED ENTRY--TOPICAL TERM |
| Topical term or geographic name entry element |
UNDERLEASES |
| 650 ## - SUBJECT ADDED ENTRY--TOPICAL TERM |
| Topical term or geographic name entry element |
SHAM |
| 690 ## - LOCAL SUBJECT ADDED ENTRY--TOPICAL TERM (OCLC, RLIN) |
| Topical term or geographic name as entry element |
LANDLORD AND TENANT-RESIDENTIAL TENANCIES-CASE LAW |
| 942 ## - ADDED ENTRY ELEMENTS (KOHA) |
| Suppress in OPAC |
0 |